000 00655nam a2200169Ia 4500
999 _c20350
_d20350
082 _aRP.0267
100 _aPadmanabhan, K.
245 0 _aSocio-economic status of widows (mudaliar community) of Tamil Nadu
_b: a three generation study
260 _c2004
_bIndian Council of Social Science Research, New Delhi
300 _a396
504 _aincludes appendices and bibliography
650 _aWidows
_zTamil Nadu
_vLegal status, laws, etc. (Hindu law)
650 _aWidows
_zTamil Nadu
_vEconomic conditions
650 _aWidows
_zTamil Nadu
_vSocial conditions
650 _aMudaliyars
_zTamil Nadu
_vLegal status, laws, etc. (Hindu law)
942 _cRP
_2ddc